Theoretical and Experimental Problems of Materials Engineering : The fourth International Conference. Introductory Book of Abstracts. Púchov, 9.-11.9.1999

Na minha lista:
Detalhes bibliográficos
Formato: Livro
Publicado em: Košice : Technická univerzita v Košiciach, 1999
Assuntos:
Tags: Adicionar Tag
Sem tags, seja o primeiro a adicionar uma tag!

MARC

LEADER 00000nam a22000003a 4500
001 stu52510
005 20150408161910.9
008 000310s1999----xo----------------------d
020 |a 80-968099-1-1 
040 |a STU  |b slo 
041 0
044 |a xo 
080 |a 620.22(082) 
245 |a Theoretical and Experimental Problems of Materials Engineering :  |b The fourth International Conference. Introductory Book of Abstracts. Púchov, 9.-11.9.1999 
260 |a Košice :  |b Technická univerzita v Košiciach,  |c 1999 
300 |a 89 s  |c CD 
650 7 |a materiály  |2 stusub 
650 7 |a vedy materiálové  |2 stusub 
650 7 |a inžinierstvo materiálové  |2 stusub 
996 |b MZ 1494  |c M*Z-1494  |l MMKN  |s A  |a 24  |w stu52510_0001